000 00495nam a2200181Ia 4500
008 191130s1985##################000#0#eng##
020 _a9789061913665
040 _aACL
_cACL
082 _a581.9676 VER
100 _aVerdcourt, Bernard
245 _aLythraceae
_cB.Verdcourt
260 _aRotterdam
_bA.A. Balkema Publishers
_c1985
300 _a62 p. : ill. ; 22 cm
650 _aFlora -- East Africa
990 _a64254662ac10000c2652363cf8ec0be0
991 _a306698
999 _c236456
_d236456